Top 20 Cheese Producing Countries per Capita - Statistics

General Stats
  • This quiz has been taken 43 times
  • The average score is 14 of 20
Answer Stats
Answer % Correct
France
93%
Germany
93%
Italy
93%
United States
93%
Switzerland
83%
Poland
80%
Austria
78%
Denmark
78%
Greece
78%
Netherlands
76%
Ireland
71%
Finland
68%
Norway
68%
Estonia
59%
Latvia
59%
Lithuania
56%
New Zealand
54%
Belarus
49%
Cyprus
37%
Uruguay
22%
No matching quizzes found
Score Distribution
Percent of People with Each Score
Percentile by Number Answered
Your Score History
You have not taken this quiz